000 00590nam a2200205Ia 4500
001 b3038-25337 [4344]
003 IT-MiCISF
008 161014s9999||||xx |||||||||||||| ||und||
040 _aIT-MiCISF
_cIT-MiCISF
041 _ait
100 _aSpinsanti Sandro
245 0 _aBioetica in sanità
250 _a1a ed.
260 _a Roma - Giunta regionale toscana
_bNIS
_c1993
300 _app. 284
500 _a / bioetica, morale, sanità, qualità-della-vita, religione, famiglia, diritto, comitati-di-etica /
650 _abioetica
942 _cBK
957 _71
999 _a25337
_bsi
_g1
_c214372
_d214372